[Event "Spijkenisse op"]
[Site "Spijkenisse"]
[Date "2010.05.15"]
[Round "3"]
[White "Chotoe, Henry"]
[Black "Parre, Jan"]
[Result "1/2-1/2"]
[WhiteElo "1298"]
[BlackElo "1396"]
[PlyCount "64"]
[EventDate "2010.05.14"]
[EventType "swiss"]
[EventRounds "6"]
[EventCountry "NED"]
[SourceTitle "CBM 136 Extra"]
[Source "ChessBase"]
[SourceDate "2010.07.02"]
[SourceVersion "2"]
[SourceVersionDate "2010.07.15"]
[SourceQuality "1"]

1. e3 d6 2. d4 Nf6 3. Be2 Nbd7 4. Nf3 e6 5. 0-0 Be7 6. c4 0-0 7. Nc3 Re8 8. e4 e5 9. d5 Nc5 10. Qc2 a6 11. b4 Ncd7 12. Be3 b6 13. Nd2 Nf8 14. f4 exf4 15. Bxf4 Ng6 16. Bg3 Bf8 17. Rf2 Bd7 18. Raf1 Qc8 19. a3 Re7 20. Nb3 Qd8 21. h3 Ne5 22. Bh4 Re8 23. Bxf6 gxf6 24. Rxf6 Bg7 25. R6f2 c6 26. Kh1 f6 27. Nd4 c5 28. Nf5 Bxf5 29. Rxf5 cxb4 30. axb4 Nxc4 31. Bh5 Qd7 32. Qf2 Ne5 1/2-1/2

[Event "Spijkenisse op"]
[Site "Spijkenisse"]
[Date "2010.05.15"]
[Round "4"]
[White "Parre, Jan"]
[Black "De Lange, Steyn"]
[Result "1-0"]
[WhiteElo "1396"]
[BlackElo "1109"]
[PlyCount "78"]
[EventDate "2010.05.14"]
[EventType "swiss"]
[EventRounds "6"]
[EventCountry "NED"]
[SourceTitle "CBM 136 Extra"]
[Source "ChessBase"]
[SourceDate "2010.07.02"]
[SourceVersion "2"]
[SourceVersionDate "2010.07.15"]
[SourceQuality "1"]

1. e4 e6 2. Qe2 Ne7 3. c4 c5 4. Nc3 Nbc6 5. Nb5 Ng6 6. g3 a6 7. Nc3 Nd4 8. Qd1 Ne5 9. f4 Nec6 10. a3 g6 11. Nf3 Nxf3+ 12. Qxf3 Nd4 13. Qd1 Qf6 14. d3 d6 15. Be3 Bg7 16. Rb1 0-0 17. Bg2 Rb8 18. 0-0 Qd8 19. Kh1 Bd7 20. Rf2 b5 21. Na2 Bc6 22. b4 bxc4 23. dxc4 Qb6 24. Bxd4 Bxd4 25. Rc2 Ba4 26. g4 Bxc2 27. Qxc2 cxb4 28. axb4 Rfc8 29. Bf1 a5 30. b5 Be3 31. f5 exf5 32. gxf5 Qc5 33. Nc3 Qd4 34. Nd5 Re8 35. Rd1 Qe5 36. Nxe3 Qxe4+ 37. Qxe4 Rxe4 38. Nd5 Re5 39. Nf6+ Kg7 1-0